| 000 | 00405nam a2200145Ia 4500 | ||
|---|---|---|---|
| 008 | 151015s9999 xx 000 0 und d | ||
| 020 | _a70492298 | ||
| 050 | _aQR41.2 .P4 1997 | ||
| 245 | _aPelcczar,Michael J. | ||
| 250 | _a_Microbiology Michael J.Pelczar | ||
| 300 | _aNew York McGraw -Hill book 1997 | ||
| 500 | _aIncludes index. | ||
| 650 | _a_Microbiology | ||
| 700 | _a^d20130515 05:45:52^oanne | ||
| 999 |
_c4420 _d4420 |
||